01001nam a2200265 a 450000100060000000300080000600500170001400800410003103500230007203500190009504000970011404100080021108200260021908400150024510000440026024501200030426000380042430000260046249000310048850000810051950400510060056100080065165000220065971000540068133446BD-RjUL20211209052017.0140508s1959 nyu b 001 0 eng d a(OCoLC)ocm00223707 a(BD-RjUL)33537 aWOOcWOOdFDAdTAIdOCLdOCLCQdBAKERdNLGGCdLVBdYDXCPdOCLCGdSMUdZWZdDLCdBD-RjULbeng aeng04a303.484219bHOP 1959 a71.382bcl1 aHobsbawm, E. J.q(Eric J.),d1917-2012.10aPrimitive rebels :bstudies in archaic forms of social movement in the 19th and 20th centuries /cby E.J. Hobsbawm. aNew York :bW.W. Norton,c c1959. avii, 202 p. ;c20 cm.0 aThe Norton library ;vN328 a"Originally published under the title: Social bandits and primitive rebels." aIncludes bibliographical references and index. 5DLC 0aSocial movements.2 aPaul Avrich Collection (Library of Congress)5DLC